Magyarbodza. Zone 23 Kol. XXXIV /

Korporativní autor: Rakousko-Uhersko. Militärgeographisches Institut
Další autoři: Lützenburger, L., Le Gay von Lierfels, Johann, 1884-1916
Jazyk: Maďarština
Němčina
Rumunština, moldovština, moldavština
Vydáno: [Wien] : K.u.k. Militärgeographisches Institut, 1915
Vydání: 2. Ausgabe
Edice: Třetí vojenské mapování 1:75 000 ; 5776, 1915
Spezialkarte der österreich-ungarischen Monarchie 1:75 000 ; 5776, 1915
Témata:
Externí odkaz: Digitalizovaný dokument
Fyzický popis: 1 mapa : černobílá ; 37 x 52 cm, na listu 44 x 55 cm
Mapy
Uloženo v:
LEADER 02758nem a2200613 i 4500
001 001518960
003 CZ BrMZK
005 20220112102938.0
007 aj|aanzn
008 160329s1915 au a 0| ger d
034 1 |a a  |b 75000  |d E0255000  |e E0262000  |f N0454500  |g N0453000 
040 |a BOA001  |b cze  |e rda 
041 0 |a ger  |a hun  |a rum 
043 |a e-rm--- 
072 7 |a 623  |x Vojenská technika  |2 Konspekt  |9 19 
072 7 |a 912  |x Mapy. Atlasy. Glóby  |2 Konspekt  |9 7 
080 |a 623.64  |2 MRF 
080 |a 913(498)  |2 MRF 
080 |a (084.3)528.42  |2 MRF 
080 |a (084.3)355/359  |2 MRF 
110 1 |a Rakousko-Uhersko.  |b Militärgeographisches Institut  |7 kn20060405003  |4 ctg  |4 pbl 
245 1 0 |a Magyarbodza.  |p Zone 23 Kol. XXXIV /  |c K.u.k. Militärgeographisches Institut ; Geripp: L. Lützenburger ; Terrain: Offiz, J. Le Gay Edl. v. Lierfels 
246 3 |a 5776 
246 3 0 |a Zone 23 Kol. XXXIV 
250 |a 2. Ausgabe 
255 |a Měřítko 1:75 000  |c (E 25°50'00"--E 26°20'00"/N 45°45'00"--N 45°30'00") 
264 1 |a [Wien] :  |b K.u.k. Militärgeographisches Institut,  |c 1915 
300 |a 1 mapa :  |b černobílá ;  |c 37 x 52 cm, na listu 44 x 55 cm 
336 |a kartografický obraz  |b cri  |2 rdacontent 
337 |a bez média  |b n  |2 rdamedia 
338 |a list  |b nb  |2 rdacarrier 
490 1 |a [Die Franzisco-Josephinische Landesaufnahme 1:75 000] ;  |v 5776, 1915 
490 1 |a [Spezialkarte der österreich-ungarischen Monarchie im Maße 1:75 000] ;  |v 5776, 1915 
500 |a Jednobarevný otisk 
500 |a Další údaje o vydání: Teilweise berichtigt bis 4. IX. 1915 
500 |a V pravém dolním rohu vytištěno číslo 579 
562 |a Razítko: Důvěrné  |5 CZ-BrMZK 
562 |a Razítko: Jng. Nedvédicky  |5 CZ-BrMZK 
562 |a Rukopisná poznámka na rubu: 105  |5 CZ-BrMZK 
562 |a Původně přeloženo na 1/2  |5 CZ-BrMZK 
650 7 |a vojenská topografie  |7 ph316247  |2 czenas 
651 7 |a Întorsura Buzăului (Rumunsko : oblast)  |7 ge1096337  |2 czenas 
655 7 |a topografické mapy  |7 fd809173  |2 czenas 
655 7 |a vojenské mapy  |7 fd133817  |2 czenas 
700 1 |a Lützenburger, L.  |7 mub20201080165  |4 ctg 
700 1 |a Le Gay von Lierfels, Johann,  |d 1884-1916  |7 mub20201072962  |4 ctg 
787 0 8 |t Übersichtsblatt der Spezialkarte 1:75 000  |w 1504372 
830 0 |a Třetí vojenské mapování 1:75 000 ;  |v 5776, 1915 
830 0 |a Spezialkarte der österreich-ungarischen Monarchie 1:75 000 ;  |v 5776, 1915 
856 4 1 |u http://www.digitalniknihovna.cz/mzk/uuid/uuid:5e874f05-7370-4f93-868c-06e5249d8cdb  |y Digitalizovaný dokument 
910 |a BOA001  |b Mpa-0081.473,5776-15 
990 |a MP 
991 |b 201603 
994 |a PAR  |l MZK01  |b 001504372  |m 5776 Magyarbodza. 1915  |n Übersichtsblatt der Spezialkarte 1:75 000